Music Quiz

Random Music or Kpop Quiz

WJSN Picture Click Quiz 2 Stats

 Plays Quiz not verified by Sporcle

Challenge
Share
Tweet
Score 0/13 Timer 15:00
0 Plays Today
% Correct
cheng xiao
90.2%
yeonjung
89.6%
exy
86.4%
dayoung
83.5%
yeoreum
83.2%
seola
81.4%
xuan yi
78.2%
luda
78.2%
soobin
77.7%
eunseo
76.1%
bona
75.8%
mei qi
75%
dawon
75%

You're not logged in!

Compare scores with friends on all Sporcle quizzes.
OR
Log In

You Might Also Like...

Show Comments

Extras

Top Quizzes Today


Score Distribution

Your Account Isn't Verified!

In order to create a playlist on Sporcle, you need to verify the email address you used during registration. Go to your Sporcle Settings to finish the process.

Report this User

Report this user for behavior that violates our Community Guidelines.

Details: